Principes d'economie politique

Tallennettuna:
Bibliografiset tiedot
Päätekijä: Nikitine, P.
Aineistotyyppi: Kirja
Kieli:Undetermined
Julkaistu: Moscou Edition du Progres 1966
Aiheet:
Tagit: Lisää tagi
Ei tageja, Lisää ensimmäinen tagi!
Thư viện lưu trữ: Trung tâm Học liệu Trường Đại học Cần Thơ
LEADER 00464nam a2200181Ia 4500
001 CTU_80404
008 210402s9999 xx 000 0 und d
082 |a 330 
082 |b N692 
100 |a Nikitine, P. 
245 0 |a Principes d'economie politique 
245 0 |c P. Nikitine 
260 |a Moscou 
260 |b Edition du Progres 
260 |c 1966 
650 |a Economics 
904 |i Trọng Hải 
980 |a Trung tâm Học liệu Trường Đại học Cần Thơ